| 000 -ლიდერი |
| ფიქსირებული სიგრძის საკონტროლო ველი |
02385nam a22002537a 4500 |
| 003 - საკონტროლო ნომრის იდენტიფიკატორი |
| საკონტროლო ველი |
Ge_BSU |
| 005 - ბოლო ოპერაციის თარიღი და დრო |
| საკონტროლო ველი |
20230616101418.0 |
| 008 - ფიქსირებული სიგრძის მონაცემთა ელემენტები - ზოგადი ინფორმაცია |
| ფიქსირებული სიგრძის საკონტროლო ველი |
230616s2018 ge ||||| |||| 00| 0 geo d |
| 020 ## - წიგნის საერთაშორისო სტანდარტული ნომერი |
| International Standard Book Number |
9789941262234 |
| 041 ## - ენის კოდი |
| Language code of text/sound track or separate title |
geo |
| 080 ## - უნივერსალური ათობითი კლასიფიკაციის ინდექსი |
| Universal Decimal Classification number |
39(=35) თ-77 |
| 100 ## - მთავარი ჩანაწერი - პიროვნების სახელი |
| Personal name |
თოფჩიშვილი, როლანდ |
| 9 (RLIN) |
4620 |
| 245 ## - ცნობა სათაურის შესახებ |
| Title |
გეოგრაფიული გარემო და კავკასიელთა ეთნიკური კულტურა / |
| Statement of responsibility, etc |
როლანდ თოფჩიშვილი; რედაქტორები: სალომე ბახია-ოქრუაშვილი, ნათია ჯალაბაძე, ლავრენტი ჯანიაშვილი; ივანე ჯავახიშვილის სახ. თბილისის სახელმწ. უნ-ტი, ჰუმანიტარულ მეცნიერებათა ფაკ-ტი, ეთნოლოგიის სასწ.-სამეცნ. ინ-ტი, ივანე ჯავახიშვილის სახ. ისტორიისა და ეთნოლოგიის ინ-ტი. |
| 264 ## - წარმოების, გამოცემის, დისტრიბუციის და სხვა ცნობები |
| გამოცემის, წარმოების, დისტრიბუციის... ადგილი |
თბილისი : |
| გამოცემის, წარმოების, დისტრიბუციის... სახელწოდება |
უნივერსალი, |
| გამოცემის, წარმოების, დისტრიბუციის... თარიღი |
2018. |
| 300 ## - ფიზიკური აღწერა |
| Extent |
240 გვ. ; |
| Other physical details |
20 სმ. |
| 504 ## - BIBLIOGRAPHY, ETC. NOTE |
| Bibliography, etc |
ბიბლიოგრ. ტექსტის შენიშვნებში |
| 653 ## - INDEX TERM--UNCONTROLLED |
| Uncontrolled term |
კავკასიის ხალხთა ეთნოგრაფია |
| 653 ## - INDEX TERM--UNCONTROLLED |
| Uncontrolled term |
გეოგრაფიული გარემოს გავლენა |
| 700 ## - ADDED ENTRY--PERSONAL NAME |
| Personal name |
ბახია-ოქრუაშვილი, სალომე |
| Relator term |
რედაქტორი |
| 9 (RLIN) |
18754 |
| 700 ## - ADDED ENTRY--PERSONAL NAME |
| Personal name |
ჯალაბაძე, ნათია |
| Relator term |
რედაქტორი |
| 9 (RLIN) |
17611 |
| 700 ## - ADDED ENTRY--PERSONAL NAME |
| Personal name |
ჯანიაშვილი, ლავრენტი |
| Relator term |
რედაქტორი |
| 9 (RLIN) |
17610 |
| 710 ## - ADDED ENTRY--CORPORATE NAME |
| Corporate name or jurisdiction name as entry element |
ივანე ჯავახიშვილის სახ. თბილისის სახელმწ. უნ-ტი |
| Subordinate unit |
ჰუმანიტარულ მეცნიერებათა ფაკ-ტი. ეთნოლოგიის სასწ.-სამეცნ. ინ-ტი. ივანე ჯავახიშვილის სახ. ისტორიისა და ეთნოლოგიის ინ-ტი. |
| 9 (RLIN) |
18755 |
| 942 ## - ADDED ENTRY ELEMENTS (KOHA) |
| Source of classification or shelving scheme |
|
| Koha item type |
წიგნი |